00000000nam 2200000zi 4500
0019.947166
003CaOODSP
00520250306123619
006m     o  d f      
007cr |n|||||||||
008250120e20241010onc     ob   f000 0 eng d
040 |aCaOODSP|beng|erda|cCaOODSP
043 |an-cn---
0861 |aYN5-294/2024E-PDF
1001 |aAmmar, Nasreddine, |eauthor.
24512|aA distributional analysis of the federal fuel charge – update / |cNasreddine Ammar, Advisor-Analyst, Marianne Laurin, Analyst.
264 1|aOttawa, Canada : |bOffice of the Parliamentary Budget Officer = Bureau du directeur parlementaire du budget, |cOctober 10, 2024
264 4|c©2024
300 |a1 online resource (43 pages)
336 |atext|btxt|2rdacontent
337 |acomputer|bc|2rdamedia
338 |aonline resource|bcr|2rdacarrier
500 |aIssued also in French under title: Analyse distributive de la redevance fédérale sur les combustibles – mise à jour.
500 |a"RP-2425-017-S_e."
504 |aIncludes bibliographical references (pages 38-43).
520 |a"This report provides an update of PBO’s distributional analysis of the federal fuel charge to include recent policy changes and GHG emissions projections, as well as updated microsimulation data and computable general equilibrium (CGE) modelling"--Summary, page 2.
650 0|aClimate change mitigation|xGovernment policy|zCanada.
650 0|aGreenhouse gas mitigation|xGovernment policy|zCanada.
650 0|aCarbon taxes|zCanada.
7101 |aCanada. |bOffice of the Parliamentary Budget Officer, |eissuing body.
77508|tAnalyse distributive de la redevance fédérale sur les combustibles – mise à jour / |w(CaOODSP)9.947209
85640|qPDF|s3.54 MB|uhttps://publications.gc.ca/collections/collection_2025/dpb-pbo/YN5-294-2024-eng.pdf